000 00933nam0a22002531 4500
001 rc\528857
005 20250621121556.0
035 _a(NLR Aleph) 005767022
090 _a4995940
_c4995940
100 _a20030616d1987 |||y0rusy50 ca
101 0 _arus
102 _aRU
105 _aa |||||||||
200 1 _aРусские сказки
_dBajki rosyjskie
_eКн. для чтения с коммент. на пол. яз.
_fСост., адапт., коммент. Н.Н. Ковачевой, А.В. Фролкиной
_g[Вступ. ст. А.В. Кулагиной]
210 _aМ.
_cРус. яз.
_d1987
215 _a179, [1] с.
_cил.
_d22
300 _aПредисл. парал.: рус., пол.
510 0 _aBajki rosyjskie
702 1 _aКовачева
_bН.Н.
_gНаталья Николаевна
_4220
801 0 _aRU
_bNLR
_gpsbo
801 1 _aRU
_bELAR
_2rusmarc
852 _aNLR
_j88-5/5736
942 _cBOOK
980 _aNB